EFL Championship First Names 2024/25 - Statistics

General Stats
  • This quiz has been taken 31 times
  • The average score is 434 of 737
Answer Stats
% Correct
Blackburn Rovers Adam Forshaw 9 1
96%
Norwich City Adam Idah 1
96%
Plymouth Argyle Adam Randell 31 1
96%
Plymouth Argyle Adam Forshaw 16
96%
Sheffield United Adam Davies 2
96%
West Bromwich Albion Adam Armstrong 5 1
96%
Blackburn Rovers Harry Pickering 14
96%
Blackburn Rovers Harry Leonard 9 1
96%
Bristol City Harry Cornick 1
96%
Hull City Harry Vaughan 3
96%
Sheffield United Harry Souttar 21
96%
Sheffield United Harry Clarke 5
96%
Swansea City Harry Darling 32 2
96%
Burnley James Trafford 33
96%
Derby County James Collins 17
96%
Leeds United James Debayo 1
96%
Luton Town James Shea 2
96%
Sheffield Wednesday James Beadle 35
96%
Watford James Morris 15
96%
Watford James Abankwah 9
96%
Bristol City Luke McNally 26 3
96%
Burnley Luke McNally 2
96%
Middlesbrough Luke Ayling 25
96%
Millwall Luke Cundle 5 1
96%
Sunderland Luke O'Nien 34 3
96%
Blackburn Rovers Callum Brittain 26 1
92%
Cardiff City Callum O'Dowda 29 2
92%
Cardiff City Callum Robinson 26 11
92%
Derby County Callum Elder 24
92%
Norwich City Callum Doyle 33 1
92%
Plymouth Argyle Callum Wright 23
92%
Portsmouth Callum Lang 29 10
92%
Sheffield United Callum O'Hare 33 2
92%
Sheffield Wednesday Callum Paterson 16 4
92%
West Bromwich Albion Callum Styles 25 1
92%
Sunderland Dan Neil 34 2
92%
Middlesbrough Daniel Barlaser 21 1
92%
Plymouth Argyle Daniel Grimshaw 21
92%
Coventry City Jack Rudoni 34 4
92%
Norwich City Jack Stacey 30
92%
Preston North End Jack Whatmough 16
92%
Queens Park Rangers Jack Colback 12 1
92%
Sheffield United Jack Robinson 23
92%
Sunderland Jack Clarke 2 1
92%
Burnley Jay Rodriguez 20 2
92%
Coventry City Jay Dasilva 22
92%
Swansea City Jay Fulton 21 1
92%
Blackburn Rovers Joe Rankin-Costello 24 2
92%
Bristol City Joe Williams 16
92%
Burnley Joe Worrall 6
92%
Cardiff City Joe Ralls 18
92%
Derby County Joe Ward 7
92%
Hull City Joe Gelhardt 7 1
92%
Leeds United Joe Rodon 34 1
92%
Leeds United Joe Rothwell 31
92%
Leeds United Joe Gelhardt 2
92%
Luton Town Joe Taylor 13
92%
Luton Town Joe Johnson 8
92%
Millwall Joe Bryan 31 1
92%
Oxford United Joe Bennett 5
92%
Plymouth Argyle Joe Edwards 10 1
92%
Swansea City Joe Allen 16 1
92%
West Bromwich Albion Joe Wildsmith 5
92%
Blackburn Rovers John Buckley 20
92%
Burnley John Egan 7
92%
Hull City John Egan 3
92%
West Bromwich Albion John Swift 31 2
92%
Plymouth Argyle Joseph Hatch 1
92%
Cardiff City Will Fish 8
92%
Cardiff City Will Alves 3
92%
Hull City Will Jarvis 6
92%
Oxford United Will Vaulks 33 1
92%
Oxford United Will Goodwin 3
92%
Portsmouth Will Norris 8
92%
Preston North End Will Keane 18 3
92%
West Bromwich Albion Will Lankshear 4
92%
Plymouth Argyle Andre Gray 13 3
88%
Portsmouth Andre Dozzell 28 1
88%
Sheffield United Andre Brooks 19 2
88%
Stoke City André Vidigal 10
88%
Coventry City Ben Sheaf 20
88%
Coventry City Ben Wilson 3
88%
Derby County Ben Osborn 24
88%
Middlesbrough Ben Doak 24 3
88%
Norwich City Ben Chrisene 25 1
88%
Oxford United Ben Nelson 8
88%
Plymouth Argyle Ben Waine 1
88%
Portsmouth Ben Stevenson 1
88%
Preston North End Ben Whiteman 24
88%
Sheffield United Ben Brereton Díaz 7 2
88%
Stoke City Ben Wilmot 28 2
88%
Stoke City Ben Gibson 22 3
88%
Stoke City Ben Pearson 5
88%
Swansea City Ben Cabango 34 1
88%
Swansea City Ben Lloyd 1
88%
Burnley Josh Cullen 32 1
88%
Burnley Josh Brownhill 30 10
88%
Burnley Josh Laurent 30 2
88%
Coventry City Josh Eccles 33 3
88%
Derby County Josh Vickers 2
88%
Luton Town Josh Bowler 4
88%
Luton Town Josh Phillips 1
88%
Middlesbrough Josh Coburn 2
88%
Millwall Josh Coburn 9 3
88%
Norwich City Josh Sargent 20 11
88%
Oxford United Josh McEachran 12
88%
Portsmouth Josh Murphy 30 6
88%
Preston North End Josh Bowler 10
88%
Sheffield Wednesday Josh Windass 33 10
88%
Stoke City Josh Wilson-Esbrand 4
88%
Stoke City Josh Laurent 3
88%
Swansea City Josh Tymon 34 2
88%
Swansea City Josh Key 34
88%
Swansea City Josh Ginnelly 2
88%
Swansea City Josh Thomas 1
88%
West Bromwich Albion Josh Maja 26 12
88%
Blackburn Rovers Lewis Travis 26 2
88%
Blackburn Rovers Lewis Baker 13 1
88%
Norwich City Lewis Dobbin 9 2
88%
Plymouth Argyle Lewis Gibson 18 1
88%
Preston North End Lewis Gibson 8
88%
Stoke City Lewis Koumas 34 3
88%
Stoke City Lewis Baker 9 4
88%
Swansea City Lewis O'Brien 5
88%
West Bromwich Albion Lewis Dobbin 17
88%
Coventry City Matt Grimes 4
88%
Derby County Matt Clarke 5
88%
Hull City Matt Crooks 7 2
88%
Middlesbrough Matt Clarke 14 2
88%
Oxford United Matt Phillips 20
88%
Portsmouth Matt Ritchie 29 4
88%
Swansea City Matt Grimes 29 2
88%
Bristol City Max Bird 34 1
88%
Bristol City Max O'Leary 34
88%
Sheffield Wednesday Max Lowe 31
88%
Cardiff City Michael Reindorf 2
88%
Plymouth Argyle Michael Obafemi 21 2
88%
Plymouth Argyle Michael Baidoo 7
88%
Queens Park Rangers Michael Frey 22 6
88%
Sheffield United Michael Cooper 32
88%
Sheffield Wednesday Michael Smith 31 8
88%
Sheffield Wednesday Michael Ihiekwe 13
88%
Stoke City Michael Rose 21
88%
Watford Michael Adu-Poku 1
88%
Sheffield United Rob Holding 2
88%
Bristol City Robert Dickie 24 1
88%
Portsmouth Robert Atkinson 9
88%
Bristol City Sam Bell 13
88%
Leeds United Sam Byram 27 1
88%
Leeds United Sam Chambers 1
88%
Oxford United Sam Long 19
88%
Preston North End Sam Greenwood 30 5
88%
Queens Park Rangers Sam Field 33 3
88%
Sheffield United Sam McCallum 25 1
88%
Stoke City Sam Gallagher 12 1
88%
Swansea City Sam Parker 4
88%
Portsmouth Samuel Silvera 11
88%
Cardiff City Chris Willock 26 2
83%
Hull City Chris Bedia 21 3
83%
Sunderland Chris Rigg 31 4
83%
Sunderland Chris Mepham 27
83%
Leeds United Daniel James 28 10
83%
Millwall Daniel Kelly 2
83%
Queens Park Rangers Daniel Bennie 9
83%
Stoke City Daniel Johnson 1
83%
Sunderland Daniel Ballard 19 2
83%
Watford Daniel Bachmann 22
83%
Watford Daniel Jebbison 13
83%
Bristol City George Earthy 25 2
83%
Bristol City George Tanner 23 1
83%
Middlesbrough George Edmundson 24 1
83%
Middlesbrough George McCormick 1
83%
Millwall George Saville 34
83%
Millwall George Honeyman 31 2
83%
Norwich City George Long 7
83%
Blackburn Rovers Kyle McFadzean 1
83%
Hull City Kyle Joseph 5
83%
Oxford United Kyle Edwards 7
83%
Swansea City Kyle Naughton 19
83%
West Bromwich Albion Kyle Bartley 21
83%
Coventry City Liam Kitching 16
83%
Derby County Liam Thompson 18
83%
Hull City Liam Millar 11 1
83%
Luton Town Liam Walsh 15
83%
Millwall Liam Roberts 2
83%
Norwich City Liam Gibbs 7
83%
Preston North End Liam Lindsay 23
83%
Queens Park Rangers Liam Morrison 9
83%
Sheffield Wednesday Liam Palmer 18
83%
Swansea City Liam Cullen 32 10
83%
Bristol City Marcus McGuane 14
83%
Burnley Marcus Edwards 3 1
83%
Derby County Marcus Harness 29 1
83%
Middlesbrough Marcus Forss 12 1
83%
Leeds United Patrick Bamford 10
83%
Sunderland Patrick Roberts 34 2
83%
Blackburn Rovers Ryan Hedges 33 1
83%
Derby County Ryan Nyambe 14
83%
Hull City Ryan Giles 16
83%
Hull City Ryan Longman 9 1
83%
Middlesbrough Ryan Giles 4
83%
Millwall Ryan Leonard 26
83%
Millwall Ryan Wintle 18 1
83%
Plymouth Argyle Ryan Hardie 26 5
83%
Preston North End Ryan Ledson 18 1
83%
Preston North End Ryan Porteous 4
83%
Sheffield United Ryan Oné 11 1
83%
Stoke City Ryan Mmaee 3
83%
Watford Ryan Andrews 29 3
83%
Watford Ryan Porteous 22 2
83%
Cardiff City Aaron Ramsey 6
79%
Millwall Aaron Connolly 7 1
79%
Sunderland Aaron Connolly 10 1
79%
Cardiff City Jak Alnwick 29
79%
Coventry City Jake Bidwell 22 1
79%
Millwall Jake Cooper 24 3
79%
Queens Park Rangers Jake Clarke-Salter 11
79%
Leeds United Jayden Bogle 32 4
79%
Preston North End Jayden Meghoma 6
79%
Bristol City Mark Sykes 20 1
79%
Luton Town Mark McGuinness 31 3
79%
Middlesbrough Mark Travers 5
79%
Oxford United Mark Harris 34 5
79%
Portsmouth Mark O'Mahony 10 3
79%
Portsmouth Thomas Waddingham 2 1
79%
Derby County Tom Barkhuizen 15
79%
Luton Town Tom Krauß 23 2
79%
Luton Town Tom Holmes 18 1
79%
Middlesbrough Tom Glover 7
79%
Millwall Tom Bradshaw 11 1
79%
Millwall Tom Leahy 1
79%
Oxford United Tom Bradshaw 5
79%
Portsmouth Tom McIntyre 12
79%
Sheffield United Tom Davies 12 1
79%
Sheffield United Tom Cannon 5
79%
Stoke City Tom Cannon 22 9
79%
Sunderland Tom Watson 10 2
79%
Watford Tom Ince 24 1
79%
Watford Tom Dele-Bashiru 18 4
79%
West Bromwich Albion Tom Fellows 35 2
79%
Hull City Alfie Jones 30
75%
Luton Town Alfie Doughty 19 1
75%
Queens Park Rangers Alfie Lloyd 23 2
75%
Sheffield United Alfie Gilchrist 28
75%
Blackburn Rovers Andreas Weimann 29 6
75%
Burnley Andréas Hountondji 9
75%
Burnley Connor Roberts 29 2
75%
Portsmouth Connor Ogilvie 33 4
75%
Burnley Hannibal Mejbri 26
75%
Coventry City Jamie Allen 13
75%
Coventry City Jamie Paterson 1
75%
Oxford United Jamie Cumming 34
75%
Sheffield United Jamie Shackleton 12
75%
Bristol City Jason Knight 34 3
75%
Burnley Jonjo Shelvey 2
75%
Watford Ken Sema 14
75%
Derby County Nat Phillips 21
75%
Middlesbrough Nathan Simpson 1
75%
Stoke City Nathan Lowe 7 1
75%
Swansea City Nathan Tjoe-A-On 1
75%
Norwich City Shane Duffy 34 2
75%
Queens Park Rangers Steve Cook 27
75%
Blackburn Rovers Todd Cantwell 26 2
75%
Sheffield Wednesday Yan Valery 33 2
75%
Blackburn Rovers Cauley Woodrow 1
71%
Luton Town Cauley Woodrow 15
71%
Blackburn Rovers Danny Batth 29 2
71%
Millwall Danny McNamara 13
71%
Preston North End David Cornell 2
71%
Coventry City Ellis Simms 31 6
71%
Cardiff City Ethan Horvath 4
71%
Leeds United Ethan Ampadu 21
71%
Leeds United Ilia Gruev 15
71%
Derby County Jacob Widell Zetterström 32
71%
Luton Town Jacob Brown 25 4
71%
Norwich City Jacob Sørensen 16
71%
Norwich City Jacob Wright 4
71%
Portsmouth Jacob Farrell 1
71%
Burnley Jeremy Sarmiento 26 2
71%
Watford Jeremy Ngakia 18 1
71%
Cardiff City Joel Bagan 23
71%
Coventry City Joel Latibeaudiere 27
71%
Leeds United Joël Piroe 34 15
71%
Leeds United Junior Firpo 21 2
71%
Stoke City Junior Tchamadeu 31
71%
Burnley Lyle Foster 20 1
71%
Hull City Mason Burstow 23 2
71%
West Bromwich Albion Mason Holgate 20 1
71%
Watford Moussa Sissoko 31 2
71%
Leeds United Pascal Struijk 29 5
71%
Luton Town Thomas Kaminski 33
71%
Burnley Wilson Odobert 1 1
71%
Sunderland Wilson Isidor 32 12
71%
Cardiff City Alex Robertson 25 3
67%
Middlesbrough Alex Gilbert 7 1
67%
Oxford United Alex Matos 8
67%
West Bromwich Albion Alex Mowatt 32 6
67%
West Bromwich Albion Alex Palmer 30
67%
Stoke City Ali Al-Hamadi 5 1
67%
Preston North End Alistair McCann 28 1
67%
Sheffield Wednesday Barry Bannan 32 4
67%
Hull City Carl Rushworth 2
67%
Plymouth Argyle Conor Hazard 13
67%
Portsmouth Conor Shaughnessy 6 1
67%
Oxford United Dane Scarlett 20 4
67%
Cardiff City David Turnbull 12 1
67%
Derby County David Ozoh 10 1
67%
Blackburn Rovers Emmanuel Dennis 1
67%
Middlesbrough Emmanuel Latte Lath 29 11
67%
Hull City Finley Burns 9
67%
Sheffield United Hamza Choudhury 5
67%
Derby County Harrison Armstrong 3
67%
Queens Park Rangers Harrison Ashby 21
67%
Sheffield United Harrison Burrows 31 5
67%
Sunderland Harrison Jones 1
67%
Blackburn Rovers Hayden Carter 11
67%
Middlesbrough Hayden Hackney 31 5
67%
Portsmouth Hayden Matthews 6
67%
Sunderland Jobe Bellingham 31 4
67%
Burnley Luca Koleosho 25 2
67%
Plymouth Argyle Maksym Talovierov 5 1
67%
Leeds United Manor Solomon 27 7
67%
Middlesbrough Morgan Whittaker 5
67%
Plymouth Argyle Morgan Whittaker 20 3
67%
Queens Park Rangers Morgan Fox 17 1
67%
Bristol City Nahki Wells 29 7
67%
Blackburn Rovers Owen Beck 23 1
67%
Oxford United Owen Dale 11
67%
Portsmouth Owen Moxon 12
67%
Sheffield United Rhian Brewster 26 2
67%
Bristol City Ross McCrorie 15 1
67%
Middlesbrough Samuel Iling-Junior 4
67%
Bristol City Scott Twine 25 5
67%
Hull City Steven Alzate 17
67%
Coventry City Victor Torp 30 4
67%
Luton Town Victor Moses 18 1
67%
Plymouth Argyle Victor Pálsson 17
67%
Burnley Wout Weghorst 2
67%
Preston North End Andrew Hughes 30
63%
Stoke City Andrew Moran 32 4
63%
Burnley Ashley Barnes 4
63%
Norwich City Ashley Barnes 8
63%
Stoke City Ashley Phillips 24
63%
Bristol City Cameron Pring 22
63%
Oxford United Cameron Brannagan 23 2
63%
Luton Town Christ Makosso 1
63%
Burnley CJ Egan-Riley 29 1
63%
Burnley Dara O'Shea 2 1
63%
West Bromwich Albion Daryl Dike 2
63%
Sunderland Dennis Cirkin 31 3
63%
Blackburn Rovers Dominic Hyam 34 1
63%
Sheffield Wednesday Dominic Iorfa 16 1
63%
Preston North End Emil Riis 33 9
63%
Sunderland Enzo Le Fée 8 1
63%
Middlesbrough Finn Azaz 33 9
63%
Sunderland Ian Poveda 6
63%
Sheffield Wednesday Iké Ugbo 31
63%
Queens Park Rangers Ilias Chair 22 2
63%
Leeds United Illan Meslier 34
63%
Queens Park Rangers Jimmy Dunne 33 5
63%
Luton Town Marvelous Nakamba 20
63%
Leeds United Mateo Joseph 33 3
63%
Derby County Nathaniel Mendez-Laing 34 2
63%
Sheffield Wednesday Nathaniel Chalobah 9
63%
Sheffield United Ollie Arblaster 12 2
63%
Swansea City Ollie Cooper 18 1
63%
Portsmouth Paddy Lane 22 1
63%
West Bromwich Albion Paddy McNair 2
63%
Queens Park Rangers Paul Smyth 34 1
63%
Queens Park Rangers Paul Nardi 34
63%
Oxford United Peter Kioso 26
63%
Preston North End Robbie Brady 18
63%
Blackburn Rovers Sammie Szmodics 1 1
63%
Derby County Tyrese Fornah 1
63%
Sheffield United Tyrese Campbell 22 6
63%
Burnley Zian Flemming 25 7
63%
Norwich City Angus Gunn 28
58%
Sheffield Wednesday Anthony Musaba 23 2
58%
Sunderland Anthony Patterson 31
58%
Cardiff City Anwar El Ghazi 22 3
58%
Burnley Bashir Humphreys 25 1
58%
Norwich City Borja Sainz 29 15
58%
Coventry City Brandon Thomas-Asante 32 4
58%
Plymouth Argyle Brendan Galloway 13
58%
Luton Town Carlton Morris 30 7
58%
Plymouth Argyle Freddie Issaka 15 1
58%
Portsmouth Freddie Potts 26 1
58%
Preston North End Freddie Woodman 33
58%
Norwich City Grant Hanley 3
58%
Oxford United Greg Leigh 29 5
58%
Hull City Gustavo Puerta 20
58%
Sheffield United Gustavo Hamer 30 7
58%
Burnley Jaidon Anthony 31 3
58%
West Bromwich Albion Jed Wallace 27 1
58%
Bristol City Kal Naismith 6
58%
Luton Town Kal Naismith 4
58%
Middlesbrough Kelechi Iheanacho 3
58%
Norwich City Kenny McLean 23
58%
Portsmouth Marlon Pack 31
58%
Plymouth Argyle Matthew Sorinola 18
58%
Burnley Maxime Estève 34
58%
Cardiff City Perry Ng 26 1
58%
Millwall Romain Esse 24 4
58%
Oxford United Rúben Rodrigues 32 4
58%
Luton Town Tahith Chong 23 2
58%
Oxford United Tyler Goodrham 31 3
58%
Cardiff City Andy Rinomhota 22
54%
Watford Angelo Ogbonna 6
54%
Bristol City Anis Mehmeti 32 11
54%
Norwich City Anis Ben Slimane 22 2
54%
Sheffield United Anis Ben Slimane 3
54%
Leeds United Ao Tanaka 31 3
54%
Blackburn Rovers Aynsley Pears 33
54%
Coventry City Bobby Thomas 30 4
54%
Norwich City Brad Hills 3
54%
Preston North End Brad Potts 26 4
54%
Coventry City Bradley Collins 8
54%
Leeds United Brenden Aaronson 34 8
54%
Cardiff City Calum Chambers 29 1
54%
Millwall Calum Scanlon 4 1
54%
Hull City Cody Drameh 24 1
54%
Middlesbrough Dael Fry 14
54%
Plymouth Argyle Darko Gyabi 32 1
54%
Millwall Duncan Watmore 26 5
54%
Norwich City Emiliano Marcondes 23 4
54%
West Bromwich Albion Grady Diangana 26 4
54%
Derby County Jerry Yates 31 7
54%
Hull City Regan Slater 33 1
54%
Portsmouth Regan Poole 15
54%
Sheffield United Rhys Norrington-Davies 14
54%
Luton Town Teden Mengi 15 1
54%
Middlesbrough Tommy Conway 24 10
54%
Sheffield United Vinícius Souza 26
54%
Cardiff City Wilfried Kanga 15
54%
Leeds United Wilfried Gnonto 31 5
54%
Portsmouth Adil Aouchiche 4
50%
Sunderland Adil Aouchiche 8
50%
Luton Town Andros Townsend 1
50%
Plymouth Argyle Bali Mumba 31
50%
Hull City Charlie Hughes 14
50%
Leeds United Charlie Crew 1
50%
Sheffield Wednesday Charlie McNeill 2
50%
Norwich City Christian Fassnacht 3
50%
Portsmouth Christian Saydee 24 2
50%
Portsmouth Colby Bishop 20 5
50%
Blackburn Rovers Dion Sanderson 7
50%
Derby County Ebou Adams 32 4
50%
Bristol City Elijah Morrison 2
50%
Luton Town Elijah Adebayo 33 5
50%
Queens Park Rangers Elijah Dixon-Bonner 3
50%
Coventry City Ephron Mason-Clark 23 4
50%
Coventry City Haji Wright 15 7
50%
Oxford United Idris El Mizouni 24 1
50%
Leeds United Isaac Schmidt 7
50%
Portsmouth Isaac Hayden 9
50%
West Bromwich Albion Isaac Price 6
50%
Luton Town Isaiah Jones 6
50%
Middlesbrough Isaiah Jones 21
50%
Sheffield United Jamal Baptiste 1
50%
Sheffield Wednesday Jamal Lowe 23 3
50%
Middlesbrough Jonny Howson 10 1
50%
Luton Town Jordan Clark 29 3
50%
Oxford United Jordan Thorniley 2
50%
Plymouth Argyle Jordan Houghton 21
50%
Portsmouth Jordan Williams 15
50%
Portsmouth Jordan Archer 2
50%
Preston North End Jordan Storey 29 1
50%
Stoke City Jordan Thompson 15
50%
Queens Park Rangers Kenneth Paal 29 1
50%
Burnley Lucas Pires 22
50%
Queens Park Rangers Lucas Andersen 22 1
50%
Stoke City Lynden Gooch 14
50%
Burnley Manuel Benson 2 1
50%
West Bromwich Albion Mikey Johnston 30 2
50%
Burnley Oliver Sonne 1
50%
Coventry City Oliver Dovin 23
50%
Cardiff City Ollie Tanner 23 2
50%
Norwich City Onel Hernández 18
50%
Luton Town Pelly Mpanzu 10
50%
Middlesbrough Riley McGree 16 1
50%
West Bromwich Albion Semi Ajayi 14
50%
Sheffield Wednesday Shea Charles 32 1
50%
Sunderland Trai Hume 34 1
50%
Stoke City Wouter Burger 28 1
50%
Bristol City Zak Vyner 34
50%
Millwall Zak Sturge 1
50%
Portsmouth Zak Swanson 24 1
50%
Sunderland Alan Browne 13 1
46%
Burnley Anass Zaroury 1
46%
Sheffield United Anel Ahmedhodžić 26 2
46%
Sheffield United Auston Trusty 1
46%
Millwall Casper De Norre 34 2
46%
Derby County Craig Forsyth 27 1
46%
Leeds United Georginio Rutter 1
46%
Burnley Han-Noah Massengo 8
46%
Millwall Japhet Tanganga 31 2
46%
West Bromwich Albion Jayson Molumby 31 4
46%
Sheffield United Jesurun Rak-Sakyi 27 6
46%
Queens Park Rangers Jonathan Varane 31
46%
Watford Jonathan Bond 9
46%
West Bromwich Albion Karlan Grant 32 6
46%
Derby County Kemar Roofe 1
46%
Millwall Kevin Nisbet 1
46%
Watford Kévin Keben 4
46%
Sheffield United Kieffer Moore 21 5
46%
Blackburn Rovers Leo Duru 1
46%
Sunderland Leo Hjelde 9
46%
Queens Park Rangers Lyndon Dykes 1 1
46%
Luton Town Mads Andersen 8
46%
Preston North End Mads Frøkjær-Jensen 30 2
46%
Leeds United Maximilian Wöber 6 1
46%
Coventry City Milan van Ewijk 34 2
46%
Sunderland Milan Aleksić 4
46%
Swansea City Myles Peart-Harris 29 3
46%
Luton Town Reece Burke 9
46%
Sunderland Romaine Mundle 17 4
46%
Queens Park Rangers Ronnie Edwards 9 1
46%
Oxford United Siriki Dembélé 19
46%
Cardiff City Yakou Méïté 26 1
46%
Bristol City Hirakawa 29 2
46%
West Bromwich Albion Darnell Furlong 34 1
42%
Sheffield Wednesday Di'Shon Bernard 27 2
42%
Preston North End Duane Holmes 29 1
42%
Derby County Eiran Cashin 21 1
42%
Watford Giorgi Chakvetadze 34 2
42%
Hull City João Pedro 25 5
42%
Derby County Kayden Jackson 34 3
42%
Leeds United Largie Ramazani 22 4
42%
Swansea City Lawrence Vigouroux 35
42%
Hull City Lewie Coyle 31 1
42%
Hull City Louie Barry 4
42%
Oxford United Louie Sibley 11 1
42%
Coventry City Luis Binks 19
42%
Middlesbrough Lukas Engel 9
42%
Millwall Lukas Jensen 33
42%
Millwall Macaulay Langstaff 28 1
42%
Blackburn Rovers Makhtar Gueye 33 5
42%
Stoke City Niall Ennis 9
42%
Hull City Nordin Amrabat 3
42%
Coventry City Norman Bassette 21 2
42%
Sheffield Wednesday Pol Valentín 26 1
42%
Cardiff City Rubin Colwill 30 1
42%
Middlesbrough Seny Dieng 17
42%
Bristol City Sinclair Armstrong 25 3
42%
Blackburn Rovers Sondre Tronstad 27
42%
Derby County Sondre Langås 4
42%
Derby County Sonny Bradley 7
42%
Luton Town Thelo Aasgaard 5
42%
Blackburn Rovers Tyrhys Dolan 32 4
42%
Watford Yasser Larouci 33
42%
Blackburn Rovers Yuki Ohashi 24 5
42%
Queens Park Rangers Žan Celar 19 2
42%
Swansea City Žan Vipotnik 31 5
42%
Burnley Zeki Amdouni 2 1
42%
Luton Town Chiedozie Ogbene 3
38%
Derby County Corey Blackett-Taylor 12 1
38%
Derby County Curtis Nelson 27 2
38%
Swansea City Cyrus Christie 8
38%
Middlesbrough Delano Burgzorg 30 5
38%
Millwall Femi Azeez 26 1
38%
Sheffield United Femi Seriki 13
38%
Watford Imran Louza 22 2
38%
Preston North End Kaine Kesler-Hayden 32
38%
Queens Park Rangers Karamoko Dembélé 11 1
38%
Coventry City Kasey Palmer 3 1
38%
Hull City Kasey Palmer 17 1
38%
Preston North End Kian Best 1
38%
Watford Kwadwo Baah 25 4
38%
Norwich City Marcelino Núñez 22 4
38%
Oxford United Michał Helik 8 1
38%
Preston North End Milutin Osmajić 25 7
38%
Millwall Murray Wallace 11
38%
Hull City Óscar Zambrano 8 1
38%
Hull City Óscar Estupiñán 2 1
38%
Norwich City Oscar Schwartau 29 1
38%
Middlesbrough Rav van den Berg 20
38%
Watford Rocco Vata 22 3
38%
Hull City Sean McLoughlin 24
38%
Luton Town Shandon Baptiste 14
38%
Watford Vakoun Bayo 31 10
38%
Stoke City Viktor Johansson 35
38%
Hull City Abu Kamara 23 2
33%
Norwich City Abu Kamara 2
33%
Middlesbrough Aidan Morris 23
33%
Luton Town Amari'i Bell 19
33%
Blackburn Rovers Arnór Sigurðsson 5 1
33%
Cardiff City Cian Ashford 17 2
33%
West Bromwich Albion Devante Cole 14
33%
Watford Edo Kayembe 34 8
33%
Stoke City Emre Tezgel 12
33%
Stoke City Enda Stevens 16
33%
Watford Festy Ebosele 18 1
33%
Swansea City Gonçalo Franco 29 2
33%
Plymouth Argyle Ibrahim Cissoko 13 3
33%
Sheffield Wednesday Ibrahim Cissoko 4
33%
Plymouth Argyle Julio Pleguezuelo 14 1
33%
Cardiff City Malachi Fagan-Walcott 1
33%
Plymouth Argyle Malachi Boateng 1
33%
Watford Mattie Pollock 35
33%
Middlesbrough Micah Hamilton 13
33%
Stoke City Million Manhoef 24 3
33%
Plymouth Argyle Mustapha Bundu 25 4
33%
Millwall Shaun Hutchinson 9
33%
Middlesbrough Sol Brynn 6
33%
Stoke City Sol Sidibe 8
33%
Sheffield United Sydie Peck 30
33%
Burnley Václav Hladký 1
33%
Hull City Xavier Simons 20 2
33%
Middlesbrough Anfernee Dijksteel 21 1
29%
Oxford United Ciaron Brown 34 4
29%
Sunderland Eliezer Mayenda 27 6
29%
Norwich City Elliot Myles 2
29%
Swansea City Hannes Delcroix 5
29%
Portsmouth Harvey Blair 8
29%
Bristol City Haydon Roberts 19
29%
Hull City Ivor Pandur 31
29%
Stoke City Jaden Dixon 2
29%
Burnley Jóhann Guðmundsson 1 1
29%
Derby County Kane Wilson 23 2
29%
Norwich City Kellen Fisher 29
29%
Derby County Kenzo Goudmijn 33 2
29%
Queens Park Rangers Kieran Morgan 23 1
29%
Luton Town Lasse Nordås 3
29%
Oxford United Malcolm Ebiowei 4
29%
Hull City Marvin Mehlem 16
29%
Sheffield Wednesday Marvin Johnson 31
29%
Luton Town Millenic Alli 4
29%
Plymouth Argyle Nathanael Ogbeta 12 1
29%
Plymouth Argyle Nikola Katić 5 1
29%
Plymouth Argyle Rami Al Hajj 26 3
29%
Queens Park Rangers Rayan Kolli 15 4
29%
Sunderland Simon Moore 4
29%
Portsmouth Terry Devlin 23
29%
Millwall Tristan Crama 8
29%
Cardiff City Yousef Salech 7 3
29%
Blackburn Rovers Yuri Ribeiro 3
29%
Sunderland Aji Alese 12
25%
Sheffield Wednesday Akin Famewo 8
25%
Blackburn Rovers Amario Cozier-Duberry 20 1
25%
Norwich City Ante Crnac 32 5
25%
Stoke City Bosun Lawal 3
25%
Stoke City Eric Bocat 23
25%
Coventry City Fábio Tavares 1
25%
Swansea City Florian Bianchini 29 3
25%
Watford Francisco Sierralta 25
25%
Cardiff City Isaak Davies 1
25%
Preston North End Jeppe Okkels 7
25%
Luton Town Lamine Fanne 3
25%
Hull City Matty Jacob 8 1
25%
Oxford United Przemysław Płacheta 20 2
25%
Luton Town Reuell Walters 14
25%
Portsmouth Ryley Towler 12 1
25%
Sheffield Wednesday Stuart Armstrong 5
25%
Sheffield Wednesday Svante Ingelsson 24 1
25%
Luton Town Zack Nelson 17
25%
Millwall Billy Mitchell 10
21%
Sheffield United Billy Blacker 1
21%
Preston North End Ched Evans 2
21%
Portsmouth Cohen Bramall 4
21%
Cardiff City Dimitrios Goutas 30 1
21%
Sheffield Wednesday Djeidi Gassama 32 4
21%
Portsmouth Elias Sørensen 12 1
21%
Oxford United Elliott Moore 20
21%
Oxford United Hidde ter Avest 12 1
21%
Cardiff City Jesper Daland 16
21%
Swansea City Ji-sung Eom 26
21%
Stoke City Jun-ho Bae 34 2
21%
Norwich City Kaide Gordon 10 1
21%
Portsmouth Kaide Gordon 1
21%
Queens Park Rangers Kōki Saitō 33 2
21%
Portsmouth Kusini Yengi 8
21%
Middlesbrough Neto Borges 28
21%
Portsmouth Nicolas Schmid 25
21%
Queens Park Rangers Nicolas Madsen 22 2
21%
Oxford United Ole Romeny 5
21%
Coventry City Raphael Borges Rodrigues 3
21%
Coventry City Tatsuhiro Sakamoto 30 3
21%
Derby County Tawanda Chirewa 5
21%
West Bromwich Albion Uroš Račić 21
21%
Portsmouth Abdoulaye Kamara 5
17%
Hull City Abdülkadir Ömür 20
17%
Blackburn Rovers Augustus Kargbo 4
17%
Blackburn Rovers Balázs Tóth 1
17%
Luton Town Daiki Hashioka 17
17%
Derby County Dajaune Brown 15 1
17%
Hull City Eliot Matazo 5 1
17%
Blackburn Rovers Igor Tyjon 1
17%
Norwich City Jhon Córdoba 22 1
17%
Leeds United Josuha Guilavogui 13
17%
Plymouth Argyle Kornél Szűcs 26
17%
Derby County Lars-Jørgen Salvesen 7 1
17%
Watford Mileta Rajović 3 1
17%
Plymouth Argyle Muhamed Tijani 7 1
17%
Sunderland Nazariy Rusyn 8
17%
Cardiff City Sivert Mannsverk 4
17%
Oxford United Stanley Mills 3
17%
Preston North End Stefán Þórðarson 28 1
17%
West Bromwich Albion Torbjørn Heggem 35 1
17%
Swansea City Azeem Abdulai 17 1
13%
Plymouth Argyle Caleb Roberts 4
13%
Watford Egil Selvik 5
13%
Burnley Enock Agyei 3
13%
Bristol City Fally Mayulu 15 2
13%
Cardiff City Jamilu Collins 3
13%
Watford Mamadou Doumbia 11
13%
Cardiff City Manolis Siopis 21
13%
Norwich City Matěj Jurásek 2
13%
Millwall Mihailo Ivanović 25 5
13%
Sunderland Nectarios Triantis 1
13%
Cardiff City Ronan Kpakio 2
13%
Norwich City Ruairi McConville 1
13%
Sheffield Wednesday Ryo Hatsuse 2
13%
Sheffield United Sai Sachdev 1
13%
Plymouth Argyle Tymoteusz Puchacz 8
13%
Millwall Aidomo Emakhu 13
8%
Watford Amin Nabizada 1
8%
Hull City Bachir Belloumi 10 2
8%
Norwich City Forson Amankwah 17 2
8%
Norwich City Gabriel Forsyth 5
8%
Sheffield Wednesday Gabriel Otegbayo 7 1
8%
Oxford United Gatlin O'Donkor 1
8%
West Bromwich Albion Gianluca Frabotta 6
8%
Sheffield Wednesday Olaf Kobacki 8
8%
Watford Pierre Dwomoh 4
8%
Millwall Raees Bangura-Williams 7
8%
Sunderland Salis Abdul Samed 6
8%
Burnley Shurandy Sambo 1
8%
Stoke City Tatsuki Seko 24
8%
Millwall Camiel Neghli 3
4%
Queens Park Rangers Hevertton Santos 6
4%
Hull City Lincoln Henrique 1
4%
Norwich City Lucien Mahovo 8
4%
West Bromwich Albion Ousmane Diakité 14
4%
West Bromwich Albion Tammer Bany 1
4%
Hull City Tyrell Sellars-Fleming 4
4%
Queens Park Rangers Min-hyeok Yang 5
0%
Plymouth Argyle Tegan Finn 4
0%
No matching quizzes found
Score Distribution
Percent of People with Each Score
Percentile by Number Answered
Your Score History
You have not taken this quiz